[Event "Oslo Sveins op 9th"]
[Site "Oslo"]
[Date "2016.06.24"]
[Round "7"]
[White "Naess, Sara"]
[Black "Moseng, Geir"]
[Result "0-1"]
[WhiteElo "1733"]
[BlackElo "2018"]
[PlyCount "100"]
[EventDate "2016.06.24"]
[EventType "swiss"]
[EventRounds "9"]
[EventCountry "NOR"]
[SourceTitle "CBM 173 Extra"]
[Source "ChessBase"]
[SourceDate "2016.08.29"]
[SourceVersion "1"]
[SourceVersionDate "2016.08.29"]
[SourceQuality "1"]

1. e4 e6 2. d4 d5 3. Nd2 Nf6 4. e5 Nfd7 5. Bd3 c5 6. c3 b6 7. Ne2 Ba6 8. Bc2 Nc6 9. Nf3 Rc8 10. 0-0 Qc7 11. Be3 cxd4 12. cxd4 Ncxe5 13. Nxe5 Qxc2 14. Rc1 Qxd1 15. Rxc8+ Bxc8 16. Rxd1 Nxe5 17. dxe5 Ba6 18. Nd4 Kd7 19. Rc1 Bc5 20. a3 Bc4 21. Rc3 f6 22. f4 fxe5 23. fxe5 Rf8 24. Rc1 Bxd4 25. Bxd4 Rf4 26. Bc3 Re4 27. Re1 Rxe1+ 28. Bxe1 d4 29. Kf2 Kc6 30. Kf3 Kd5 31. Bg3 Bd3 32. Kf2 Kc4 33. Ke1 Be4 34. Kd2 Bxg2 35. Bf2 g5 36. h4 gxh4 37. Bxh4 h5 38. Be7 Kd5 39. Bf6 Bf1 40. Ke1 Ba6 41. Kd2 Ke4 42. a4 Kf4 43. b4 Bc4 44. b5 Bb3 45. a5 bxa5 46. Kd3 Ba4 47. Kxd4 Bxb5 48. Bd8 a4 49. Kc5 a6 50. Kd6 Bc4 0-1